• 首页
  • 本馆介绍
  • 公告通知
  • 最新文献
  • 馆藏检索
  • 电子资源
  • 读者导购
  • 参考咨询
  • 我的图书馆
  • 登录
  • 详细信息显示
  • 放入我的书架
  • 预约/预借图书
  • 作者相关作品
  • 分类相关作品
  • 丛书相关作品
  • 出版社相关作品

书目信息

  • 表格格式
  • 工作单格式
  • 卡片格式
题名:
农业转移人口市民化的空间实践
    
 
作者: 谷玉良, 著
分册:  
出版信息: 北京   中国商业出版社  2021.09
页数: 254页
开本: 24cm
丛书名:
单 册:
中图分类: C924.24
科图分类:
主题词: 农业人口--nong ye ren kou--城市化--研究--中国
电子资源:
ISBN: 978-7-5208-1791-2
000 01142nam0 2200265 450
001 CAL 0120217336087
005 20230217093112.0
010    @a978-7-5208-1791-2@dCNY148.00
100    @a20220112d2021 em y0chiy0120 ea
101 0  @achi
102    @aCN@b110000
105    @ay a 000yy
106    @ar
200 1  @a农业转移人口市民化的空间实践@Anong ye zhuan yi ren kou shi min hua de kong jian shi jian@f谷玉良著
210    @a北京@c中国商业出版社@d2021.09
215    @a254页@d24cm
300    @a2018年湖南省社科基金重点项目“空间视角下农业转移人口市民化研究”资助
314    @a谷玉良, 男, 1987年生, 山东枣庄人, 社会学博士, 湖南师范大学公共管理学院社会学系讲师, 硕士生导师。
320    @a有书目 (第230-251页)
330    @a本书从空间理论出发, 探讨空间视角下农业转移人口市民化的路径与模式。探讨农业转移人口在城市的空间分布、居住状况和融合特征。分析农业转移人口城市空间居住的差异, 讨论不同的空间居住实践对农业转移人口市民化的影响。
606 0  @a农业人口@Anong ye ren kou@x城市化@x研究@y中国
690    @aC924.24@v5
701  0 @a谷玉良,@Agu yu liang@f1987-@4著
801  0 @aCN@bBJXHZP@c20230228
905    @b1404733-6@dC924.24@e106@f4
    
    农业转移人口市民化的空间实践/谷玉良著.-北京:中国商业出版社,2021.09
    254页;24cm
    2018年湖南省社科基金重点项目“空间视角下农业转移人口市民化研究”资助
    
    ISBN 978-7-5208-1791-2:CNY148.00
    本书从空间理论出发, 探讨空间视角下农业转移人口市民化的路径与模式。探讨农业转移人口在城市的空间分布、居住状况和融合特征。分析农业转移人口城市空间居住的差异, 讨论不同的空间居住实践对农业转移人口市民化的影响。
●
相关链接 在E读中查询图书 在五车中查询图书 在当当中查询图书 在豆瓣中查询图书


正题名:农业转移人口市民化的空间实践     索取号:C924.24/106         预约/预借

序号 登录号 条形码 馆藏地/架位号 状态 备注
1 1404733   214047333   第一样本阅览室/ [索取号:C924.24/106] 在馆    
2 1404734   214047342   第一借阅区/ [索取号:C924.24/106] 在馆    
3 1404735   214047351   第一借阅区/ [索取号:C924.24/106] 在馆    
4 1404736   214047360   第一借阅区/ [索取号:C924.24/106] 在馆    
唐山师范学院图书馆 欢迎您!
大连网信软件有限公司© 版权所有